01621nam a2200349 a 450000100100000000500170001000800410002702000150006804000250008308200190010810000460012724501970017326000420037030000320041250000630044450000330050750400360054065000240057665000290060065000450062965000440067465000310071865000330074965000290078265000240081170000380083504900090087395201320088295201230101495201170113799900170125400001678220260224100502.0100310s2005 dr ac 001 0 spa d a9993492426 aDO-SdBNPbspacBNPHU a306.874bS586p1 aSivestre del Rosario, Juan Isidro,93718813aLa paternidad responsable :bprincipios que los padres deben conocer para ayudar a sus hijos en la formación de su caráter /cJuan Isidro Sivestre del Rosario ; prólogo Jorge A. Peguero. aSanto Domingo :bEl Remanente,c2005. av. :bil., retrs. ;c22 cm. aIncluye datos biográficos del autor en la contracubierta aLa biblioteca posee el vo. 1 aIncluye bibliografía (p. 108) 4aPadres e hijos9796 4aManejo de níños9799 4aPaternidad (teología cristiana)937189 4aEducación para la vida familiar92729 4aDisciplina infantil937190 4aEducación en el hogar9798 0aCrianza de niños94212 0aVida cristiana96681 aPeguero, Jorge A.epról.937191 aBNPD 001054708DSaGRbGRcCTd2010-03-10iLF1l0o306.874 S586pp16782-30r2020-06-25te. 3w2020-06-25yLFDSZPréstamo en sala 0010718PDaPDbPDcCTd2010-03-10iLF1l0o306.874 S586pp16782-10r2020-06-25te. 2w2020-06-25yLFPDZNo se presta 0010718PDaPDbPDcCTd2010-03-10iLF1l0o306.874 S586pp16782-20r2020-06-25w2020-06-25yLFPDZNo se presta c16314d16314